| 000 | 00507nam a22001817a 4500 | ||
|---|---|---|---|
| 005 | 20150623113427.0 | ||
| 010 | _aENG-112884 | ||
| 020 |
_c250.00 _a9788172764425 |
||
| 035 | _aEN-96416 | ||
| 037 | _bDBAD/PUB | ||
| 082 | _a158.1 | ||
| 100 | _aIyer, T.G.L. | ||
| 245 |
_aLet there be light inner light / _cby T.G.L. Iyer |
||
| 260 |
_aMumbai _bBharatiya Vidya Bhawan _c2010 |
||
| 270 |
_aK.M. Munshi Marg _bMumbai _e400007 |
||
| 300 |
_a341p. _c22cm(pbk) |
||
| 942 |
_2ddc _cEN _mIYE _h158.1 |
||
| 999 |
_c93378 _d93378 |
||